[Event "Belarus-ch Men 2022"]
[Site "Minsk"]
[Date "2022.01.16"]
[Round "8.3"]
[White "Stribuk, Artiom"]
[Black "Runets, Ivan"]
[Result "1-0"]
[WhiteElo "2210"]
[BlackElo "2240"]
[Annotator "ChessBase"]
[PlyCount "66"]
[EventDate "2022.01.09"]
[EventType "tourn"]
[EventCountry "BLR"]
[SourceTitle "playchess.com"]
[Source "ChessBase"]
[SourceQuality "1"]
[TimeControl "40/5400+30:1800+30"]

1. d4 {[%emt 0:00:02]} Nf6 {[%emt 0:00:26]} 2. c4 {[%emt 0:00:26]} e6 {[%emt 0:00:05]} 3. g3 {[%emt 0:00:10]} d5 {[%emt 0:00:05]} 4. Nf3 {[%emt 0:00:08]} Be7 {[%emt 0:00:03]} 5. Bg2 {[%emt 0:00:08]} O-O {[%emt 0:00:05]} 6. O-O {[%emt 0:00:12]} dxc4 {[%emt 0:00:09]} 7. Qc2 {[%emt 0:00:14]} a6 {[%emt 0:00:07]} 8. a4 {[%emt 0:00:06]} Bd7 {[%emt 0:00:56]} 9. Rd1 {[%emt 0:00:08]} Bc6 {[%emt 0:08:49]} 10. Bg5 {[%emt 0:00:47]} a5 {[%emt 0:05:12]} 11. Qxc4 {[%emt 0:13:38]} Na6 {[%emt 0:11:18]} 12. Nc3 {[%emt 0:00:19]} Nb4 {[%emt 0:00:59]} 13. Rac1 {[%emt 0:02:37]} h6 {[%emt 0:06:49]} 14. Bxf6 {[%emt 0:03:56]} Bxf6 {[%emt 0:02:05]} 15. e4 {[%emt 0:00:15]} b6 {[%emt 0:19:44]} 16. d5 {[%emt 0:14:40]} exd5 {[%emt 0:00:05]} 17. exd5 {[%emt 0:00:10]} Bb7 {[%emt 0:01:13]} 18. Nd4 {[%emt 0:00:45]} Qd7 {[%emt 0:00:52]} 19. Nc6 {[%emt 0:21:32]} Ba6 {[%emt 0:04:29]} 20. Nb5 {[%emt 0:00:49]} Bxb2 {[%emt 0:11:08]} 21. Rb1 {[%emt 0:01:37]} Bf6 {[%emt 0:01:12]} 22. d6 {[%emt 0:01:25]} Rac8 {[%emt 0:03:38]} 23. Nxb4 {[%emt 0:13:50]} axb4 {[%emt 0:04:26]} 24. Qxb4 {[%emt 0:00:16]} c5 {[%emt 0:07:14]} 25. Qd2 {[%emt 0:08:40]} c4 {[%emt 0:03:33]} 26. Nc3 {[%emt 0:01:03]} Rfd8 {[%emt 0:02:28]} 27. Rxb6 {[%emt 0:01:40]} Qa7 {[%emt 0:01:48]} 28. a5 {[%emt 0:02:20]} Rc5 {[%emt 0:01:51]} 29. Ne4 {[%emt 0:01:36]} Rf5 {[%emt 0:02:25]} 30. Nxf6+ {[%emt 0:04:14]} Rxf6 {[%emt 0:00:02]} 31. Qd4 {[%emt 0:00:28]} Bc8 {[%emt 0:01:55]} 32. Qxc4 {[%emt 0:01:28]} Qxa5 {[%emt 0:00:07]} 33. Rb8 {[%emt 0:03:44]} Bg4 {[%emt 0:00:56]} 1-0

[Event "Belarus-ch Men 2022"]
[Site "Minsk"]
[Date "2022.01.16"]
[Round "8.4"]
[White "Volianuk, Vitaly"]
[Black "Lazavik, Denis"]
[Result "0-1"]
[WhiteElo "2267"]
[BlackElo "2465"]
[Annotator "TA"]
[PlyCount "92"]
[EventDate "2022.01.09"]
[EventType "tourn"]
[EventCountry "BLR"]
[SourceTitle "playchess.com"]
[Source "ChessBase"]
[SourceQuality "1"]

{[%evp 13,92,32,35,4,2,-5,0,-10,-8,-74,-64,-64,-79,-123,-33,-31,-17,-20,-31,-38,-19,-35,-28,-21,-36,-115,-124,-126,-122,-124,-126,-137,-124,-309,-307,-292,-221,-219,-217,-219,-211,-231,-177,-201,-174,-288,-285,-328,-316,-357,-348,-391,-406,-410,-394,-761,-754,-726,-707,-609,-520,-5457,-1125,-1052,-1032,-1532,-1532,-1532,-1532,-1503,-1503,-1485,-1409,-1611,-1609,-1447,-1378,-2572,-2253,-5818,-5135]} 1. e4 e5 2. Nf3 Nc6 3. Bb5 a6 4. Ba4 Nf6 5. d3 d6 6. c3 g6 7. O-O {7.0-0 scores better than 7.Nbd2.} Bg7 8. d4 {C77: Ruy Lopez: 3...a6 4 Ba4 Nf6, unusual lines.} O-O ({Much less strong is} 8... Nxe4 9. d5 $16) 9. Re1 exd4 10. cxd4 {The position is equal.} b5 11. Bc2 (11. Bb3 $11) 11... Bg4 $17 12. d5 Ne5 {[#]} 13. a4 $146 (13. Nbd2 $142) ({Predecessor:} 13. Nbd2 Qe7 14. Re3 Nfd7 15. h3 Bxf3 16. Nxf3 Nc4 17. Rb3 Nc5 18. Rb4 Nxe4 19. a4 {0-1 (28) Picard,R (2099)-Bailet,P (2499) Angers 2016}) 13... Nh5 (13... Nxf3+ $17 14. gxf3 Bd7) 14. Nbd2 $1 $15 Nf4 {With the idea ...c6.} 15. Re3 $1 c6 16. h3 Bh5 {...Rc8 is the strong threat.} 17. Qf1 {Hoping for g3.} Bxf3 18. Nxf3 cxd5 19. Rea3 {[#]} ({White should play} 19. Nxe5 $15 dxe5 20. exd5) 19... b4 $1 $17 {Black is much more active.} 20. Rb3 {[#]} (20. Re3 Nxf3+) 20... Nxf3+ $1 21. Rxf3 {[#]} Ne6 {[%cal Bf4e6,Be6d4,Bd4b3,Bb3c1][%mdl 32]} 22. Re3 Nd4 23. Bd3 {White does not recover from this.} (23. Qd1 $17) 23... Nb3 $19 24. Rb1 Nxc1 25. Rxc1 Bxb2 26. Rb1 Bd4 27. Re2 Qa5 28. Qd1 Rfe8 29. exd5 (29. Bc2 {was necessary.} Bc3 30. exd5) 29... Rxe2 30. Bxe2 Qc5 31. Qf1 a5 32. Rc1 {[#]} Bxf2+ {[%mdl 512]} 33. Kh1 Qe3 {Strongly threatening ...b3.} 34. Rd1 $2 (34. Bb5) 34... Re8 {Black is clearly winning.} 35. Bb5 Re5 36. Qd3 Qf4 37. Rf1 (37. Qf3 $142 Qg3 38. Qxg3 Bxg3 39. Kg1) 37... Re1 (37... Re3 $142 38. Qd1 b3) 38. Rxe1 Bxe1 39. Qf3 Qxf3 40. gxf3 {[%mdl 4096] Endgame KB-KB} b3 {[%cal Bb4b3,Bb3b2][%mdl 32]} 41. Kg2 b2 42. Bd3 Kg7 43. Kf1 Bg3 44. Ke2 Kf6 {aiming for ...Kg5.} 45. Kd2 Kg5 46. Kc2 Be5 {Weighted Error Value: White=0.72/Black=0.34} 0-1

[Event "Belarus-ch Men 2022"]
[Site "Minsk"]
[Date "2022.01.16"]
[Round "8.5"]
[White "Nikitenko, Mihail"]
[Black "Fedorov, Alexei"]
[Result "0-1"]
[WhiteElo "2506"]
[BlackElo "2552"]
[Annotator "TA"]
[PlyCount "66"]
[EventDate "2022.01.09"]
[EventType "tourn"]
[EventCountry "BLR"]
[SourceTitle "playchess.com"]
[Source "ChessBase"]
[SourceQuality "1"]

{[%evp 9,66,8,11,12,37,24,62,8,8,0,0,1,2,-35,-14,-24,-49,-57,-68,-61,-77,-64,-75,-52,-61,-76,-54,-176,-183,-184,-194,-198,-173,-209,-158,-162,-158,-217,-205,-200,-95,-202,-212,-212,-215,-377,-383,-404,-395,-484,-481,-693,-624,-1136,-864,-29989,-29990,-29992,-29993]} 1. c4 g6 2. Nc3 c5 3. g3 Bg7 4. Bg2 Nc6 5. d3 d6 6. e3 {A36: Symmetrical English vs ...g6: 4 Bg2 Bg7.} Bxc3+ $5 {[%mdl 4] Leaves trodden paths.} 7. bxc3 Qd7 8. Qa4 {[#]} (8. e4 $14) 8... f5 $146 ({Predecessor:} 8... Ne5 9. Qc2 Nc6 10. Ne2 b6 11. O-O Bb7 12. e4 e6 13. Be3 Na5 14. Nc1 O-O-O {½-½ (47) Zalimaite,I (1700)-Pluta,P (1751) Plateliai 2017}) 9. Nh3 e5 {To avoid Nf4} 10. Ba3 {[%cal Od3d4]} Nf6 11. Rd1 (11. d4 $5) 11... O-O 12. d4 f4 13. exf4 exf4 ({Much weaker is} 13... exd4 14. O-O $11) 14. Nxf4 g5 $1 15. Nd5 Qe8+ (15... Nxd5 $2 16. Bxd5+ Kh8 17. O-O $18 (17. dxc5 Qe7+ 18. Kf1 Bh3+ 19. Bg2 Bxg2+ 20. Kxg2 Rxf2+ 21. Kxf2 Rf8+ 22. Kg1 Qe3+ 23. Kg2 Rf2+ 24. Kh3 Qe6+ 25. g4 Qe3#)) 16. Ne3 {Black must now prevent 0-0.} Ne4 $1 $36 {[%mdl 2048] White is under pressure.} 17. O-O {Nd5 is the strong threat.} Nxc3 {Black is more active.} 18. Qb3 {[#]} ({White has to play} 18. Qc2 $1 $15 Nxd1 19. Qxd1 Nxd4 20. Re1) 18... Nxd4 $1 $19 19. Rxd4 Ne2+ ({Worse is} 19... cxd4 20. Nd5 Ne2+ 21. Kh1 $11) 20. Kh1 Nxd4 21. Qd1 Bf5 22. Nxf5 Rxf5 23. Bc1 (23. Bb2 $17) 23... Qf7 24. g4 Rf3 (24... Rxf2 $19 {has better winning chances.} 25. Bd5 Rxf1+ 26. Qxf1 Ne6) 25. Bxg5 {[#]} (25. Bxf3 $17 Nxf3 26. Qxd6) 25... Qxc4 $1 {[%cal Oa8e8]} 26. Be3 (26. Qc1 Qxc1) 26... Rf7 27. g5 $2 (27. Qd2 {was necessary.}) 27... Re8 28. Rg1 Re5 29. Qb1 Nf5 30. Bd2 (30. Bxb7 $142 Qb4 31. Qxb4 cxb4 32. Ba6) 30... Nh4 31. Bxb7 d5 {( -> ...Qe2)} 32. Bc6 Qe2 33. Rg3 Rxf2 {Weighted Error Value: White=0.78/Black=0.20 (precise)} 0-1

[Event "Belarus-ch Men 2022"]
[Site "Minsk"]
[Date "2022.01.16"]
[Round "8.6"]
[White "Lutsko, Igor"]
[Black "Siniauski, Artsiom"]
[Result "1-0"]
[WhiteElo "2305"]
[BlackElo "2301"]
[Annotator "ChessBase"]
[PlyCount "77"]
[EventDate "2022.01.09"]
[EventType "tourn"]
[EventCountry "BLR"]
[SourceTitle "playchess.com"]
[Source "ChessBase"]
[SourceQuality "1"]
[TimeControl "40/5400+30:1800+30"]

1. d4 {[%emt 0:00:07]} Nf6 {[%emt 0:00:11]} 2. c4 {[%emt 0:00:10]} e6 {[%emt 0:00:06]} 3. Nc3 {[%emt 0:00:09]} Bb4 {[%emt 0:00:14]} 4. e3 {[%emt 0:00:05]} c5 {[%emt 0:00:18]} 5. Bd3 {[%emt 0:00:38]} Nc6 {[%emt 0:00:22]} 6. Nge2 {[%emt 0:00:35]} cxd4 {[%emt 0:00:18]} 7. exd4 {[%emt 0:00:07]} d5 {[%emt 0:00:14]} 8. cxd5 {[%emt 0:00:09]} Nxd5 {[%emt 0:00:38]} 9. O-O {[%emt 0:00:09]} O-O {[%emt 0:03:37]} 10. Qc2 {[%emt 0:02:51]} h6 {[%emt 0:02:30]} 11. Rd1 {[%emt 0:00:12]} Be7 {[%emt 0:06:07]} 12. Be4 {[%emt 0:03:04]} Bf6 {[%emt 0:05:23]} 13. Qd3 {[%emt 0:01:35]} Nce7 {[%emt 0:18:53]} 14. Qg3 {[%emt 0:13:41]} Kh8 {[%emt 0:05:00]} 15. Qf3 {[%emt 0:21:47]} Bd7 {[%emt 0:05:12]} 16. Qh5 {[%emt 0:04:42]} Kg8 {[%emt 0:21:18]} 17. Rd3 {[%emt 0:00:52]} Nxc3 {[%emt 0:00:45]} 18. Nxc3 {[%emt 0:05:25]} Nf5 {[%emt 0:06:38]} 19. Bxb7 {[%emt 0:43:42]} Rb8 {[%emt 0:06:55]} 20. Be4 {[%emt 0:00:00]} Bb5 {[%emt 0:00:18]} 21. Rd1 {[%emt 0:00:00]} g6 {[%emt 0:05:05]} 22. Qh3 {[%emt 0:00:00]} Qb6 {[%emt 0:04:46]} 23. Bxf5 {[%emt 0:00:00]} gxf5 {[%emt 0:01:45]} 24. Bxh6 {[%emt 0:00:00]} Rfd8 {[%emt 0:00:04]} 25. Qg3+ {[%emt 0:00:00]} Kh7 {[%emt 0:00:06]} 26. Bf4 {[%emt 0:00:00]} Rbc8 {[%emt 0:00:30]} 27. Be5 {[%emt 0:00:00]} Bxe5 {[%emt 0:00:33]} 28. dxe5 {[%emt 0:00:00]} Bc6 {[%emt 0:00:09]} 29. Qh4+ {[%emt 0:00:00]} Kg8 {[%emt 0:00:10]} 30. Qg5+ {[%emt 0:00:00]} Kf8 {[%emt 0:01:01]} 31. Rac1 {[%emt 0:00:00]} Rxd1+ {[%emt 0:01:03]} 32. Nxd1 {[%emt 0:00:00]} Rd8 {[%emt 0:00:24]} 33. h4 {[%emt 0:00:00]} Bb7 {[%emt 0:01:00]} 34. Ne3 {[%emt 0:00:00]} Rd4 {[%emt 0:01:33]} 35. h5 {[%emt 0:01:09]} Qxb2 {[%emt 0:00:11]} 36. Rc7 {[%emt 0:00:33]} Qa1+ {[%emt 0:00:59]} 37. Nf1 {[%emt 0:01:19]} Rg4 {[%emt 0:00:43]} 38. Qd8+ {[%emt 0:00:30]} Kg7 {[%emt 0:00:05]} 39. Qf6+ {[%emt 0:00:15]} 1-0

[Event "Belarus-ch Men 2022"]
[Site "Minsk"]
[Date "2022.01.17"]
[Round "9.1"]
[White "Siniauski, Artsiom"]
[Black "Tsaruk, Maksim"]
[Result "1/2-1/2"]
[WhiteElo "2301"]
[BlackElo "2343"]
[Annotator "TA"]
[PlyCount "94"]
[EventDate "2022.01.09"]
[EventType "tourn"]
[EventCountry "BLR"]
[SourceTitle "playchess.com"]
[Source "ChessBase"]
[SourceQuality "1"]

{[%evp 21,94,16,31,8,0,8,9,-7,-7,-37,-37,-31,-20,-72,-69,-107,-106,-99,-89,-108,-57,-75,-51,-37,-60,-46,-73,-107,-118,-139,-125,-155,-157,-155,-139,-193,-198,-233,-227,-244,-168,-231,-177,-171,-187,-150,-80,-75,-7,-9,-18,-2,0,0,0,0,0,0,0,0,0,0,0,0,0,0,11,0,0,0,6,0,0,0,18]} 1. e4 e5 2. Nf3 Nc6 3. Bb5 a6 4. Ba4 Nf6 5. O-O Be7 6. Re1 b5 7. Bb3 O-O 8. h3 d6 9. c3 Nb8 10. d4 Nbd7 11. Nbd2 c5 12. d5 {C95: Closed Ruy Lopez: Breyer Variation with 10 d4.} (12. Nf1 {with more complications.} Re8 13. Ng3 Bb7 14. a4 Bf8 15. d5) 12... c4 13. Bc2 Qc7 {[#]} 14. Re3 $146 ({Predecessor:} 14. Nf1 a5 15. Ng3 Nc5 16. b3 cxb3 17. axb3 Bd7 18. Bd2 Rfc8 19. Ra2 Qb7 20. Qe2 {½-½ (52) Kollars,D (2621)-Bartel,M (2597) Legnica 2021}) 14... a5 15. Qe2 Ba6 16. Nf1 Nh5 {[%cal Bf6h5,Bh5f4,Bf4h3][%mdl 32]} 17. g3 {[#] To avoid Nf4} (17. Qd1 $1 $11) 17... Nf4 $1 $17 18. Qe1 (18. Qd1 Nxh3+) 18... Nxh3+ 19. Kg2 Ng5 $36 {[%mdl 2048] Black is in control.} 20. Nh4 f5 (20... h5 $17 21. f4 Nh7) 21. Nxf5 $15 {[#]} Rxf5 22. exf5 Bb7 23. f3 Bxd5 24. Nd2 a4 25. Ne4 {[#]} Nf7 $1 26. Qh1 Bb7 27. f6 Bxf6 28. Re1 (28. Re2 $17 {might work better.}) 28... d5 $19 29. Nf2 g6 {[%cal Oa4a3]} 30. Qh3 Bg7 {[%cal Oa4a3]} 31. Be3 (31. a3 $142) 31... d4 32. cxd4 exd4 33. Bf4 Be5 (33... Qc6 $2 34. Be4 (34. Re7 $2 d3 $19) 34... Qc5 35. Qxd7 $18) (33... Qc8 $142 {And now ...d3 would win.} 34. Re7 Nc5 35. Rxb7 (35. g4 $2 Ne6 $19) 35... Nxb7) 34. Be4 $17 Bxf4 (34... Ra6 $17) 35. Bxb7 $1 $11 {The position is equal.} Qxb7 36. Re7 {[#]} Ng5 $1 {[%csl LRf3,LRh3]} 37. Qg4 {Really sharp!} Be3 ({But not} 37... a3 38. gxf4 Qxf3+ 39. Qxf3 Nxf3 40. bxa3 $16) 38. Ne4 $1 h5 39. Qxd7 Qxd7 {[%csl Gg5][%cal Rd7h3]} 40. Nf6+ Kf8 {[%csl Gg5][%cal Rd7h3]} 41. Rxd7 a3 42. bxa3 c3 43. f4 Nf7 {Threatens to win with ...c2.} 44. Nh7+ Kg8 {Strongly threatening ...c2.} 45. Nf6+ Kf8 {Hoping for ...c2.} 46. Nh7+ Kg8 {White must now prevent ...c2.} 47. Nf6+ Kf8 {And White is the lucky defender.  Weighted Error Value: White=0.13 (very precise) /Black=0.12 (very precise)} 1/2-1/2

[Event "Belarus-ch Men 2022"]
[Site "Minsk"]
[Date "2022.01.17"]
[Round "9.2"]
[White "Fedorov, Alexei"]
[Black "Lutsko, Igor"]
[Result "1-0"]
[WhiteElo "2552"]
[BlackElo "2305"]
[Annotator "TA"]
[PlyCount "81"]
[EventDate "2022.01.09"]
[EventType "tourn"]
[EventCountry "BLR"]
[SourceTitle "playchess.com"]
[Source "ChessBase"]
[SourceQuality "1"]

{[%evp 13,81,0,44,45,37,31,37,37,84,75,65,68,65,0,0,0,0,-22,-25,-6,18,0,19,15,27,0,0,0,0,0,25,20,43,31,29,0,0,2,84,86,486,470,431,459,478,471,449,439,629,620,687,678,635,552,1354,783,1012,997,901,879,838,468,788,468,526,525,484,491,443,380]} 1. e4 c5 2. Nf3 d6 3. d4 cxd4 4. Nxd4 Nf6 5. Nc3 a6 6. b3 e6 7. Bb2 Nc6 (7... Qc7 $11 {was preferrable.}) 8. Nxc6 $14 {B50: Sicilian: 2...d6, Miscellaneous.} bxc6 9. Qf3 {[#]} d5 $146 ({Predecessor:} 9... e5 10. Be2 Be7 11. O-O O-O 12. Qg3 Nd7 13. Rad1 Nc5 14. Bg4 Ne6 15. Bxe6 Bxe6 {1-0 (45) Jiang,L (2340)-Voloaca,M (2325) Montreal 2011}) 10. O-O-O {White is slightly better.} Qa5 (10... Bd6 $14) 11. Qg3 $16 Bb7 12. Be2 {To avoid Nh5} h5 {[%cal Bh7h5,Bh5h4][%mdl 32]} 13. Rd4 {White is more active.} (13. Kb1 $14) 13... h4 $11 14. Qh3 Bb4 {...c5 is the strong threat.} 15. e5 {[%csl LRf6,LRh4]} Nd7 16. Na4 Be7 17. Rg4 $1 g6 18. c4 $1 Nc5 19. Nc3 {Threatens to win with cxd5.} (19. Bc3 $5 {[%cal Rc3a5]} Qd8 20. Nxc5 Bxc5 21. Kb1 $14) 19... Ne4 20. Nxe4 dxe4 21. Kb1 c5 22. Rd1 {Black should prevent Bc3.} Rd8 {aiming for ...Rxd1+.} 23. Bc3 Qc7 24. g3 {[%cal Bg2g3,Bg3g4][%mdl 32]} Rxd1+ 25. Bxd1 Rh5 {[#]} (25... Kf8 $11 {remains equal.}) 26. Rxh4 $1 $16 ({Much weaker is} 26. gxh4 $6 Rxe5 27. Qg3 (27. Bxe5 Qxe5 28. Qg3 Qd4 $11) 27... Bd6 $11) 26... Rxe5 {[%mdl 8192] Loses the game.} (26... Rxh4 $16 27. gxh4 Qd8) 27. Rh8+ $18 {White is clearly winning.} Kd7 {[#]} 28. g4 {Inhibits Rf5.} e3 29. fxe3 Be4+ 30. Bc2 Qd6 (30... Qc6 $142 31. Qg3 (31. Bxe5 Bxc2+ 32. Kxc2 Qe4+ 33. Kd1 Qxe5 $16) 31... Rg5) 31. Kb2 {[%cal Bb1b2,Bb2c2,Bc2d3][%mdl 32]} Bxc2 32. Kxc2 {Strongly threatening Ra8.} Re4 33. Ra8 {Qh8 would kill now.} Qc6 34. Qh8 {White threatens Qe8+ and mate.} Qb7 35. Rb8 Qc7 36. Kd3 f5 37. Qe8+ Kd6 38. Be1 ({Less strong is} 38. Rc8 Qb7 39. gxf5 exf5 $16) 38... Qd7 39. Rb6+ Kc7+ 40. Qxd7+ Kxd7 41. h3 {Weighted Error Value: White=0.20 (precise) /Black=0.53} 1-0

[Event "Belarus-ch Men 2022"]
[Site "Minsk"]
[Date "2022.01.17"]
[Round "9.3"]
[White "Lazavik, Denis"]
[Black "Nikitenko, Mihail"]
[Result "1-0"]
[WhiteElo "2465"]
[BlackElo "2506"]
[Annotator "TA"]
[PlyCount "111"]
[EventDate "2022.01.09"]
[EventType "tourn"]
[EventCountry "BLR"]
[SourceTitle "playchess.com"]
[Source "ChessBase"]
[SourceQuality "1"]

{[%evp 14,111,30,13,15,9,8,10,12,6,16,14,14,6,0,0,0,0,0,0,0,-27,0,0,0,0,0,0,0,0,14,0,25,0,50,45,50,18,55,39,46,46,43,43,53,31,41,34,57,20,52,54,92,75,76,23,137,160,159,139,150,150,188,173,177,168,998,995,863,345,392,278,257,260,305,295,527,529,557,0,556,527,516,500,718,710,684,684,1561,1456,29967,29969,29967,29974,29975,29978,29976,491,29977,29976]} 1. d4 {Krasenkow,Michal} d5 2. c4 c6 3. Nf3 Nf6 4. Nc3 e6 5. Bg5 h6 6. Bxf6 Qxf6 7. e3 Nd7 8. Be2 Bd6 {D43: Semi-Slav: 5 Bg5 h6.} 9. O-O Qe7 10. e4 dxe4 $1 {The position is equal.} 11. Nxe4 Bc7 12. c5 O-O {[#]} 13. Bc4 $146 ({Predecessor:} 13. Qc2 e5 14. Bc4 Nf6 15. Nxf6+ Qxf6 16. Nxe5 Bxe5 17. dxe5 Qxe5 {½-½ (67) Kramnik,V (2797)-Shirov,A (2706) Istanbul 2012 CBM 151 [Krasenkow,Michal]}) 13... b6 {[%cal Rb6c5]} 14. b4 a5 15. a3 Ba6 16. Bxa6 Rxa6 17. cxb6 Rxb6 18. bxa5 Ra6 19. Qc2 Rc8 20. g3 Bxa5 21. Rfb1 Bc7 22. Rb3 Rca8 23. Rc3 Nb8 (23... Nb6 $11) 24. a4 $14 Ra5 25. Rc5 Bb6 26. Rxa5 Rxa5 27. Rb1 {[%cal Ba1b1,Bb1b4,Bb4c4,Bc4c6,Bc6c8][%mdl 32]} Qc7 28. Rb4 Rd5 29. Qb3 Nd7 30. Rc4 $1 Nb8 31. Kg2 Qa7 32. Qb2 Nd7 33. Rxc6 {And now Nc3 would win.} Bxd4 34. Qc2 (34. Nxd4 Rxd4 35. Ra6 Qxa6 $11) (34. Rc8+ $16 Kh7 35. Qc2) 34... Bb6 {White now steadily converts the win.} (34... Bc5 $11 35. Nxc5 Rxc5 36. Rc8+ Rxc8 37. Qxc8+ Kh7) 35. Rc8+ $16 Nf8 36. Qc6 {Prevents Qb7.} Rd8 {To avoid Qe8} 37. Nd6 {[%cal Be4d6,Bd6c8,Bc8e7,Be7c6][%mdl 32] White is more active.} Ba5 38. Ne5 {Inhibits Qd7.} Rxc8 39. Nxc8 {Pair of Knights!} ({Don't take} 39. Qxc8 $6 Qd4 40. Ndxf7 (40. Nexf7 Bb6 $11) 40... Qe4+ 41. Kg1 Qe1+ 42. Kg2 Qe4+ 43. Kg1 Qe1+ 44. Kg2 Qe4+ $11) 39... Qd4 (39... Qc7) 40. Ne7+ $18 Kh7 {[#]} 41. Nxf7 $2 (41. Qe8 $1 {[%cal Oe8f7]} Qe4+ (41... Bb4 42. N5c6) 42. Kh3) 41... Bb6 42. Qc2+ g6 {[#]} 43. Nc6 $1 Qd5+ 44. f3 Bc5 $2 {[#]} (44... Bc7 45. Qc3 e5) 45. Qb2 $1 {[%csl Gf7][%cal Rb2h8]} Kg8 (45... e5 46. Nfxe5) 46. Nxh6+ $40 {[%mdl 128] Black needs to defend precisely.} Kh7 47. Nf7 {[%csl Gf7][%cal Rb2h8]} Kg8 48. Nfe5 ({Weaker is} 48. Ncd8 Bd4 49. Qc1 Bf6 $16) 48... Qd1 49. a5 Qg1+ 50. Kh3 {aiming for Qb7.} Bd6 51. Qb7 Qc1 52. Qf7+ Kh8 53. Qf6+ Kg8 54. Ne7+ Bxe7 55. Qf7+ Kh8 56. Qxe7 {Weighted Error Value: White=0.22 (precise) /Black=0.43} 1-0

[Event "Belarus-ch Men 2022"]
[Site "Minsk"]
[Date "2022.01.17"]
[Round "9.4"]
[White "Runets, Ivan"]
[Black "Volianuk, Vitaly"]
[Result "1/2-1/2"]
[WhiteElo "2240"]
[BlackElo "2267"]
[Annotator "TA"]
[PlyCount "68"]
[EventDate "2022.01.09"]
[EventType "tourn"]
[EventCountry "BLR"]
[SourceTitle "playchess.com"]
[Source "ChessBase"]
[SourceQuality "1"]

{[%evp 17,68,55,67,44,55,52,38,31,41,28,30,22,49,18,44,15,38,0,0,0,0,0,0,0,0,-288,-274,-285,-272,-267,-196,-163,-104,-95,-22,-24,-26,-13,0,0,0,0,0,0,0,0,0,0,0,0,0,0,0]} 1. d4 g6 2. c4 Bg7 3. Nc3 d6 4. e4 e5 5. Nge2 Nc6 6. Be3 Nh6 7. d5 Ne7 8. f3 f5 9. Qd2 Nf7 10. g3 {White is more active. A42: Modern Defence: Averbakh Variation.} c5 11. Bg2 h5 {[#]} 12. h4 $146 {White is slightly better.} ({Predecessor:} 12. O-O h4 13. Rae1 a6 14. b3 Bd7 15. Nc1 Qa5 16. Nd3 f4 17. gxf4 exf4 18. Ne2 Qxd2 19. Bxd2 {0-1 (41) Ermenkov,E (2480)-Azmaiparashvili,Z (2625) Elenite 1994}) 12... a6 13. Nc1 Bd7 14. a4 {Inhibits b5.} O-O 15. Nd3 Kh7 {[%cal Ob7b5]} 16. O-O Ng8 {[%cal Be7g8,Bg8h6,Bh6g4][%mdl 32]} 17. f4 Ngh6 18. fxe5 Ng4 $1 19. exf5 (19. e6 Nxe3 20. exf5 (20. Qxe3 $2 Bd4 $19) 20... Nxf5 $17) 19... Bxf5 20. Be4 Nfxe5 21. Bg5 $2 {[%mdl 8192] [#]} (21. Bxf5 $11 {and White has nothing to worry.} Rxf5 22. Nxe5 Rxf1+ 23. Rxf1 Bxe5 24. Bf4) 21... Nxc4 $1 $19 {[%mdl 512]} 22. Qe2 Qd7 (22... Bd4+ 23. Kh1 Bxe4+ 24. Qxe4 $19) 23. Bxf5 Rxf5 24. Rxf5 {[#]} Qxf5 (24... Re8 $1 $19 {[%cal Re8e2]} 25. Qf3 Qxf5 26. Qxf5 gxf5) 25. Rf1 $17 {[%cal Ba1f1,Bf1f5,Bf5f7,Bf7b7,Bb7b8][%mdl 32]} Re8 26. Rxf5 $11 Rxe2 27. Rf7 Rc2 {The position is equal.} 28. Rxb7 Nxb2 29. Nxc5 {[%cal Oc3e4]} dxc5 30. Ne4 {Threatens to win with Nf6+.} Kg8 {Hoping for ...Be5.} ({Don't take} 30... Nxa4 31. Nf6+ Nxf6 32. Bxf6 $16) 31. Rb8+ Kh7 32. Rb7 {Black must now prevent Nf6+.} Kg8 (32... Nxa4 33. Nf6+ Nxf6 34. Bxf6 $16) 33. Rb8+ Kh7 {Strongly threatening ...Bd4+.} 34. Rb7 {Nf6+ is the strong threat.} Kg8 {Weighted Error Value: White=0.28 (precise) /Black=0.13 (very precise)} ({But not} 34... Nxa4 35. Nf6+ Nxf6 36. Bxf6 $16) 1/2-1/2